Представление документа в формате MARC21

Поле Инд. ПП Название Значение
Тип записи a
Библиографический уровень m
001 Контрольный номер DU/606319214
005 Дата корректировки 20251218124709.7
020 a ISBN 9785171060770
084 a Индекс другой классификации/Индекс ББК 85.100,00; 85.146.56
090 a Полочн. индекс 85.100,00
x Авторский знак З-882
100 1_ a Автор Зотов С.
q Полное имя Зотов Сергей
100 1_ a Автор Майзульс М.
q Полное имя Майзульс Михаил
100 1_ a Автор Харман Д.
q Полное имя Харман Дальшат
245 10 a Заглавие Страдающее Средневековье. Парадоксы христианской иконографии
260 b Издательство АСТ
a Место издания Москва
c Дата издания 2019
300 a Объем 416 с.
b Иллюстрации/ тип воспроизводства цв. ил.
336 a Термин вида содержания Текст
337 a Термин типа средства непосредственный
440 _0 a Серия История и наука Рунета
520 0_ a Аннотация Эта книга расскажет о том, как в христианской иконографии священное переплеталось с комичным, монструозным и непристойным. Многое из того, что сегодня кажется возмутительным святотатством, в Средневековье, эпоху почти всеобщей религиозности, было вполне в порядке вещей. Речь пойдёт об обезьянах на полях древних текстов, непристойных фигурах на стенах церквей и о святых в монструозном обличье. Откуда взялись эти образы, и как они связаны с последующим развитием мирового искусства? Первый на русском языке научно-популярный текст, охватывающий столько сюжетов средневековой иконографии, выходит по инициативе "Страдающего Средневековья" - сообщества любителей истории, объединившего почти полмиллиона подписчиков. Более 600 иллюстраций, уникальный текст и немного юмора - вот так и следует говорить об искусстве.
541 1_ a Номер заявки 7448
b Заявитель Черепанова В.Г.
c Факультет/Кафедра/Подразделение Библиотечная система
d Дата заявки 13.09.2018
f Дисциплина нет
h Уровень подготовки Магистратура
n Количество экземпляров 2
650 04 a Основная рубрика изобразительное искусство
a Основная рубрика искусство
a Основная рубрика теория изобразительного искусства
653 0_ a Ключевые слова божественное
a Ключевые слова гуманизм
a Ключевые слова живопись
a Ключевые слова иконопись
a Ключевые слова иконы
a Ключевые слова интерпретация
a Ключевые слова интерпретация искусства
a Ключевые слова история живописи
a Ключевые слова история изобразительного искусства
a Ключевые слова история искусства
a Ключевые слова религиозные образы
a Ключевые слова религиозные сюжеты
a Ключевые слова символы
a Ключевые слова средние века
a Ключевые слова человеческое
a Ключевые слова юмор
720 a Наименование подборки К семинарам по культурологии
e Признак/вид подборки Тематические подборки
900 a Имя электронного ресурса obl_zotov_strad_srednevekovie
x Справочная информация Обложка
901 t Тип документа m
952 a Тип литературы для КСУ ВШ НПИ